[Event "Druzynowe Mistrzostwa Polski - Ekstraliga 2023"]
[Site "Lublin"]
[Date "1899-12-30"]
[Round "7.19"]
[White "Van Foreest, Jorden"]
[Black "Volokitin, Andrei"]
[Result "1/2-1/2"]
[WhiteTitle "GM"]
[BlackTitle "GM"]
[WhiteElo "2699"]
[BlackElo "2659"]

1. d4 Nf6 2. c4 e6 3. Nf3 d5 4. Nc3 Bb4 5. Bg5 h6 6. Bxf6 Qxf6 7. e3 O-O 8. Rc1
dxc4 9. Bxc4 c5 10. O-O cxd4 11. Ne4 Qe7 12. a3 Ba5 13. exd4 Rd8 14. Rc2 Nd7 15.
Qc1 Nf6 16. Nc5 b6 17. Nd3 Bb7 18. Nde5 a6 19. b4 b5 20. bxa5 bxc4 21. Rxc4 Rac8
22. Nc6 Bxc6 23. Rxc6 Qb7 24. Rb6 Qa8 25. Qb2 Nd5 26. Rb7 Rb8 27. Rb1 Rxb7 28.
Qxb7 Qxb7 29. Rxb7 Nc3 30. Rb4 Rd5 31. Rc4 Ne4 32. Ne5 Rxa5 33. Rc8+ Kh7 34. Nxf7
Rxa3 35. g3 Nd2 36. Kg2 Nf3 37. Rd8 Kg6 38. Rd7 Ne1+ 39. Kf1 Nf3 40. h4 Ra4 41.
Ne5+ Nxe5 42. dxe5 a5 43. h5+ Kxh5 44. Rxg7 Re4 45. Kg2 Re1 46. f4 a4 47. Kf2
Ra1 48. g4+ Kh4 49. f5 Rb1 50. f6 Rb8 51. Kf3 Ra8 52. f7 Rf8 53. Kf4 a3 54. Rh7
Kh3 55. Kf3 Kh4 56. Kf4 Kh3 57. Kf3 Kh4 58. Kf4 1/2-1/2

[Event "Druzynowe Mistrzostwa Polski - Ekstraliga 2023"]
[Site "Lublin"]
[Date "1899-12-30"]
[Round "7.20"]
[White "Lagarde, Maxime"]
[Black "Sargissian, Gabriel"]
[Result "1/2-1/2"]
[WhiteTitle "GM"]
[BlackTitle "GM"]
[WhiteElo "2607"]
[BlackElo "2692"]

1. e4 e5 2. Nf3 Nc6 3. Bb5 a6 4. Ba4 Nf6 5. O-O Be7 6. d3 b5 7. Bb3 d6 8. c3 O-O
9. h3 Bb7 10. Re1 Na5 11. Bc2 c5 12. Nbd2 Re8 13. Nf1 h6 14. Ne3 Bf8 15. Nh2 d5
16. Qf3 d4 17. Nf5 Bc8 18. cxd4 exd4 19. Bd2 Nc6 20. e5 Bxf5 21. Qxf5 Qd7 22.
Qf3 Nd5 23. Bb3 Rad8 24. Qg3 Kh8 25. Ng4 Qe6 26. a4 h5 27. axb5 axb5 28. Nh2 Qf5
29. Qf3 Qxf3 30. Nxf3 Kg8 31. Kf1 1/2-1/2

[Event "Druzynowe Mistrzostwa Polski - Ekstraliga 2023"]
[Site "Lublin"]
[Date "1899-12-30"]
[Round "7.21"]
[White "Tomczak, Jacek"]
[Black "Zilka, Stepan"]
[Result "0-1"]
[WhiteTitle "GM"]
[BlackTitle "GM"]
[WhiteElo "2591"]
[BlackElo "2600"]

1. e4 c5 2. Nf3 Nf6 3. e5 Nd5 4. Nc3 e6 5. Ne4 f5 6. Nc3 Nc6 7. Nxd5 exd5 8. d4
d6 9. exd6 Bxd6 10. dxc5 Bxc5 11. Be2 O-O 12. Bf4 h6 13. c3 Re8 14. b4 Bb6 15.
b5 Re4 16. g3 g5 17. Bc1 Qe7 18. bxc6 bxc6 19. Be3 f4 20. gxf4 gxf4 21. Bxb6 axb6
22. Rg1+ Kf7 23. Kd2 Ra3 24. Bd3 Qc5 25. Ng5+ Ke7 26. Nxe4 dxe4 27. Rc1 Qxf2+
28. Be2 Rxa2+ 0-1

[Event "Druzynowe Mistrzostwa Polski - Ekstraliga 2023"]
[Site "Lublin"]
[Date "1899-12-30"]
[Round "7.22"]
[White "Moranda, Wojciech"]
[Black "Laurusas, Tomas"]
[Result "1/2-1/2"]
[WhiteTitle "GM"]
[BlackTitle "GM"]
[WhiteElo "2561"]
[BlackElo "2550"]

1. d4 Nf6 2. c4 c6 3. Nc3 d5 4. e3 g6 5. Nf3 Bg7 6. Be2 O-O 7. O-O a6 8. a4 a5
9. cxd5 cxd5 10. Qb3 Nc6 11. Bd2 e6 12. Rfc1 Ne4 13. Nxe4 dxe4 14. Ne1 e5 15.
d5 Ne7 16. Bc4 Nf5 17. Qd1 Nd6 18. Bf1 Nf5 19. Bc4 Nd6 20. Bf1 Nf5 21. Bc4 1/2-1/2

[Event "Druzynowe Mistrzostwa Polski - Ekstraliga 2023"]
[Site "Lublin"]
[Date "1899-12-30"]
[Round "7.23"]
[White "Warakomski, Tomasz"]
[Black "Plat, Vojtech"]
[Result "1/2-1/2"]
[WhiteTitle "GM"]
[BlackTitle "GM"]
[WhiteElo "2533"]
[BlackElo "2476"]

1. e4 d6 2. d4 Nf6 3. Nc3 e5 4. Nf3 Nbd7 5. Bc4 Be7 6. O-O O-O 7. Re1 c6 8. a4
a5 9. h3 Nb6 10. Bf1 exd4 11. Nxd4 Re8 12. Qf3 Bf8 13. Nf5 Bxf5 14. Qxf5 Nbd5
15. Nxd5 cxd5 16. Bg5 dxe4 17. Rad1 Qc8 18. Qf4 Re6 19. Bxf6 Rxf6 20. Qxe4 d5
21. Rxd5 Re6 22. Re5 Rxe5 23. Qxe5 Qxc2 24. Qd5 Qxb2 25. Re3 Qf6 26. Rf3 Qe6 27.
Bc4 Qxd5 28. Bxd5 Rd8 29. Bxf7+ 1/2-1/2

[Event "Druzynowe Mistrzostwa Polski - Ekstraliga 2023"]
[Site "Lublin"]
[Date "1899-12-30"]
[Round "7.24"]
[White "Javakhishvili, Lela"]
[Black "Warakomska, Anna"]
[Result "1-0"]
[WhiteTitle "IM"]
[BlackTitle "WGM"]
[WhiteElo "2446"]
[BlackElo "2167"]

1. d4 d5 2. c4 c6 3. Nf3 Nf6 4. g3 Bf5 5. Nc3 e6 6. Nh4 dxc4 7. Nxf5 exf5 8. e3
Nbd7 9. Bxc4 Nb6 10. Bb3 Bd6 11. Bd2 h5 12. Qc2 Qd7 13. f3 h4 14. O-O-O hxg3 15.
e4 Bc7 16. hxg3 O-O-O 17. e5 Nfd5 18. Ne2 Kb8 19. Kb1 g6 20. Nc1 Qc8 21. a4 Rxh1
22. Rxh1 Rh8 23. Rxh8 Qxh8 24. a5 Nc8 25. Bxd5 cxd5 26. Qc5 Qd8 27. Nd3 b6 28.
Qb5 a6 29. Qxa6 Qd7 30. b3 Qe6 31. Nb4 Ne7 32. Qb5 Ka7 33. a6 f6 34. Qe8 fxe5
35. Qxe7 Qxe7 36. Nc6+ Kxa6 37. Nxe7 exd4 38. f4 1-0

[Event "Druzynowe Mistrzostwa Polski - Ekstraliga 2023"]
[Site "Lublin"]
[Date "1899-12-30"]
[Round "7.25"]
[White "Bluebaum, Matthias"]
[Black "Ivanchuk, Vasyl"]
[Result "1/2-1/2"]
[WhiteTitle "GM"]
[BlackTitle "GM"]
[WhiteElo "2670"]
[BlackElo "2664"]

1. d4 d5 2. c4 c6 3. Nc3 Nf6 4. e3 e6 5. Nf3 Nbd7 6. Bd3 dxc4 7. Bxc4 b5 8. Bd3
Bb7 9. O-O a6 10. e4 c5 11. d5 Qc7 12. dxe6 fxe6 13. Ng5 Qc6 14. Qe2 h6 15. Nf3
Rd8 16. a4 c4 17. Bc2 e5 18. axb5 axb5 19. Be3 Bc5 20. Ra5 Bb4 21. Rxb5 Bxc3 22.
Ba4 O-O 23. Rb4 Qxe4 24. bxc3 Bd5 25. Bc2 Qg4 26. Rd1 Kh8 27. h3 Qh5 28. Rb5 Bc6
29. Ra5 Ra8 30. Rda1 Rxa5 31. Rxa5 Rb8 32. Qd1 Bxf3 33. Qxf3 Qxf3 34. gxf3 Kg8
35. Bf5 Kf7 36. Ra7 Ke8 37. Rc7 Kd8 38. Rxc4 Nd5 39. Ra4 Nxe3 40. fxe3 Rb7 41.
Ra5 Nf6 42. Rxe5 Rc7 43. Kf2 Rxc3 44. Ra5 Rc7 45. e4 Rc2+ 46. Kg3 Re2 47. Kf4
Rc2 48. e5 Nh5+ 49. Ke3 Rc3+ 50. Kd4 Rc7 51. Bg4 Nf4 52. Ke3 Ng2+ 53. Ke4 Ke7
54. Ra4 g6 55. f4 h5 56. Be2 Nh4 57. Bc4 Nf5 58. Rb4 Rd7 59. Bd3 Ra7 60. Bc2 Rc7
61. Bb3 Ng3+ 62. Kf3 Rc3+ 63. Kg2 Nf5 64. Rb7+ Kd8 65. Be6 Nh4+ 66. Kh2 Nf3+ 67.
Kg2 Nh4+ 68. Kh2 Nf3+ 69. Kg2 1/2-1/2

[Event "Druzynowe Mistrzostwa Polski - Ekstraliga 2023"]
[Site "Lublin"]
[Date "1899-12-30"]
[Round "7.26"]
[White "Oleksiyenko, Mykhaylo"]
[Black "Donchenko, Alexander"]
[Result "0-1"]
[WhiteTitle "GM"]
[BlackTitle "GM"]
[WhiteElo "2587"]
[BlackElo "2679"]

1. e4 c5 2. Nf3 d6 3. d4 cxd4 4. Nxd4 Nf6 5. Nc3 a6 6. a4 e5 7. Nf3 h6 8. g3 Be7
9. Bg2 O-O 10. O-O Nc6 11. Re1 Nb4 12. Nd2 Bg4 13. Bf3 Qd7 14. a5 Rac8 15. Bxg4
Qxg4 16. Ra4 Qxd1 17. Rxd1 Nxc2 18. Nb3 Rfd8 19. Rd2 Ne1 20. Kf1 Nf3 21. Rd3 Ng5
22. Bxg5 hxg5 23. Nd2 Rc5 24. Rc4 Rdc8 25. Rxc5 Rxc5 26. h3 Kf8 27. Ke2 Ke8 28.
Kd1 Rc6 29. b3 Nd7 30. b4 Bd8 31. Kc2 Nf8 32. Kb2 Ne6 33. Nd5 g6 34. Rc3 Nd4 35.
Nb3 Rxc3 36. Kxc3 Ne2+ 37. Kd3 Ng1 38. Nd2 Nxh3 39. Ke2 Kd7 40. f3 Kc6 41. Kd3
g4 42. fxg4 Nf2+ 43. Ke3 Nxg4+ 44. Kf3 f5 0-1

[Event "Druzynowe Mistrzostwa Polski - Ekstraliga 2023"]
[Site "Lublin"]
[Date "1899-12-30"]
[Round "7.27"]
[White "Huschenbeth, Niclas"]
[Black "Galperin, Platon"]
[Result "1-0"]
[WhiteTitle "GM"]
[BlackTitle "GM"]
[WhiteElo "2607"]
[BlackElo "2571"]

1. e4 e5 2. Nf3 Nf6 3. d4 Nxe4 4. Bd3 d5 5. Nxe5 Bd6 6. Nc3 Nxc3 7. bxc3 Nd7 8.
O-O O-O 9. Re1 Qh4 10. g3 Qh3 11. Bf1 Qf5 12. Bd3 Qh3 13. Bf1 Qf5 14. g4 Qf6 15.
f4 Qd8 16. Bg2 Nf6 17. f5 Ne4 18. c4 Bb4 19. cxd5 Bxe1 20. Qxe1 Nd6 21. Bf4 Re8
22. Qf1 b6 23. Qf3 Bb7 24. c4 f6 25. Nc6 Qd7 26. Qb3 Kh8 27. Rd1 a5 28. Qc2 Ba6
29. Bf1 Re4 30. Bxd6 Rxg4+ 31. Bg3 Re8 32. Bh3 Rg5 33. Kf2 Rh5 34. Bg4 Rg5 35.
Bh3 Rh5 36. Bg4 Rg5 37. h3 h5 38. Bf4 hxg4 39. Bxg5 Qd6 40. Kg2 gxh3+ 41. Kxh3
fxg5 42. Ne5 Kg8 43. Kg2 Bc8 44. Rf1 Qf6 45. Qe4 a4 46. d6 Qxd6 47. f6 Bb7 48.
f7+ 1-0

[Event "Druzynowe Mistrzostwa Polski - Ekstraliga 2023"]
[Site "Lublin"]
[Date "1899-12-30"]
[Round "7.28"]
[White "Samunenkov, Ihor"]
[Black "Fedorchuk, Sergey A."]
[Result "1-0"]
[WhiteTitle "IM"]
[BlackTitle "GM"]
[WhiteElo "2517"]
[BlackElo "2578"]

1. d4 Nf6 2. c4 e6 3. Nc3 Bb4 4. e3 O-O 5. Bd3 c5 6. Nf3 b6 7. e4 cxd4 8. a3 Be7
9. Nxd4 Nc6 10. Nxc6 dxc6 11. e5 Nd7 12. Qc2 h6 13. Bf4 Qc7 14. Qe2 Rd8 15. O-O
Bb7 16. Bc2 Nf8 17. Rae1 Rd4 18. Be3 Rd7 19. Qh5 f5 20. exf6 Bxf6 21. Qg4 Kh8
22. Ne2 e5 23. Ng3 c5 24. Be4 Rad8 25. Nh5 Rf7 26. Rd1 Bc8 27. Qg3 Be6 28. b3
Rxd1 29. Rxd1 Rd7 30. Re1 Qd8 31. Nxf6 Qxf6 32. f4 exf4 33. Bxf4 Qd4+ 34. Kh1
Rf7 35. h3 Qd7 36. Be5 Bf5 37. Bd5 Be6 38. Bf3 Qd3 39. Bd6 Qf5 40. Bxf8 Rxf8 41.
Bg4 Qg5 42. Qd6 Bxg4 43. Qxf8+ Kh7 44. Qe7 Qh5 45. Qe5 Bf5 46. Rf1 g6 1-0

[Event "Druzynowe Mistrzostwa Polski - Ekstraliga 2023"]
[Site "Lublin"]
[Date "1899-12-30"]
[Round "7.29"]
[White "Krzyzanowski, Marcin"]
[Black "Kosakowski, Jakub"]
[Result "1-0"]
[WhiteTitle "GM"]
[BlackTitle "IM"]
[WhiteElo "2512"]
[BlackElo "2494"]

1. e4 c5 2. Nf3 d6 3. d4 cxd4 4. Nxd4 Nf6 5. Nc3 a6 6. Be2 e5 7. Nb3 Be7 8. O-O
O-O 9. Qd3 Be6 10. Bd2 Nbd7 11. Nd5 Bxd5 12. exd5 Rc8 13. c4 b6 14. a4 a5 15.
Qh3 Re8 16. f4 Bf8 17. Rae1 g6 18. f5 Bg7 19. Bg5 Qc7 20. Qh4 Rf8 21. Kh1 Rce8
22. Rf3 Nh5 23. Rh3 h6 24. Bxh6 Bxh6 25. Bxh5 Kg7 26. fxg6 f5 27. Bf3 Rh8 28.
Nd4 1-0

[Event "Druzynowe Mistrzostwa Polski - Ekstraliga 2023"]
[Site "Lublin"]
[Date "1899-12-30"]
[Round "7.30"]
[White "Maltsevskaya, Aleksandra"]
[Black "Wagner, Dinara"]
[Result "1-0"]
[WhiteTitle "IM"]
[BlackTitle "WGM"]
[WhiteElo "2386"]
[BlackElo "2468"]

1. Nf3 d5 2. g3 c5 3. Bg2 Nc6 4. d4 Nf6 5. O-O cxd4 6. Nxd4 e6 7. c4 Bc5 8. Nb3
Bb6 9. cxd5 Nxd5 10. e4 Ndb4 11. Qe2 O-O 12. Rd1 Qf6 13. a3 Na6 14. Nc3 Nc5 15.
Nxc5 Bxc5 16. Be3 Bd4 17. e5 Bxe5 18. Ne4 Qg6 19. h4 f5 20. h5 Qf7 21. Nd6 Qf6
22. Bc5 Bd4 23. Bxd4 Nxd4 24. Qc4 Nc6 25. Rac1 Ne5 26. Qc7 f4 27. Ne4 Qf5 28.
Rc5 fxg3 29. Qxe5 gxf2+ 30. Kf1 Qg4 31. Rcc1 b6 32. Nxf2 Qh4 33. Rd2 Ba6+ 34.
Kg1 Rae8 35. Rc7 Re7 36. Rxe7 Qxe7 37. h6 gxh6 38. Ng4 Qc5+ 39. Qxc5 bxc5 40.
Rd7 Rb8 41. Nxh6+ Kh8 42. Be4 1-0

[Event "Druzynowe Mistrzostwa Polski - Ekstraliga 2023"]
[Site "Lublin"]
[Date "1899-12-30"]
[Round "8.1"]
[White "Wojtaszek, Radoslaw"]
[Black "Ivanchuk, Vasyl"]
[Result "1/2-1/2"]
[WhiteTitle "GM"]
[BlackTitle "GM"]
[WhiteElo "2675"]
[BlackElo "2664"]

1. d4 Nf6 2. c4 e6 3. Nf3 d5 4. Nc3 Be7 5. Bf4 O-O 6. e3 Nbd7 7. c5 c6 8. Bd3 b6
9. b4 a5 10. a3 Ba6 11. O-O Qc8 12. h3 Qb7 13. Rb1 axb4 14. axb4 Bxd3 15. Qxd3
Ra3 16. Qc2 Rfa8 17. Rfc1 h6 18. Nd2 Bd8 19. Bd6 Bc7 20. Bxc7 Qxc7 21. cxb6 1/2-1/2

[Event "Druzynowe Mistrzostwa Polski - Ekstraliga 2023"]
[Site "Lublin"]
[Date "1899-12-30"]
[Round "8.2"]
[White "Oleksiyenko, Mykhaylo"]
[Black "Abasov, Nijat"]
[Result "1/2-1/2"]
[WhiteTitle "GM"]
[BlackTitle "GM"]
[WhiteElo "2587"]
[BlackElo "2677"]

1. e4 c5 2. Nf3 d6 3. d4 cxd4 4. Nxd4 Nf6 5. Nc3 Nc6 6. f3 e5 7. Nb3 Be6 8. Be3
Be7 9. Qd2 d5 10. exd5 Nxd5 11. Nxd5 Qxd5 12. Qxd5 Bxd5 13. O-O-O O-O-O 1/2-1/2

[Event "Druzynowe Mistrzostwa Polski - Ekstraliga 2023"]
[Site "Lublin"]
[Date "1899-12-30"]
[Round "8.3"]
[White "Kollars, Dmitrij"]
[Black "Galperin, Platon"]
[Result "1-0"]
[WhiteTitle "GM"]
[BlackTitle "GM"]
[WhiteElo "2641"]
[BlackElo "2571"]

1. e4 e5 2. Nf3 Nc6 3. Bc4 d6 4. O-O Be7 5. d4 Nf6 6. d5 Nb8 7. Bd3 Nbd7 8. Be3
Ng4 9. Bd2 Nc5 10. Bb5+ Bd7 11. Bxd7+ Qxd7 12. Nc3 a5 13. Qe2 f5 14. exf5 Qxf5
15. Qb5+ Qd7 16. Qc4 Qf5 17. Nb5 O-O 18. h3 Nf6 19. Be3 Qe4 20. Qxe4 Ncxe4 21.
c4 c6 22. dxc6 bxc6 23. Na7 Rxa7 24. Bxa7 c5 25. Rfe1 Ra8 26. Bb6 Ra6 27. Bc7
Ra7 28. Bb6 Ra6 29. Bc7 Ra7 30. Bb8 Rb7 31. Nxe5 dxe5 32. Bxe5 Bd6 33. f4 Kf7
34. Rad1 Re7 35. Rd3 Bxe5 36. fxe5 Rxe5 37. Ra3 Re7 38. Rxa5 Rd7 39. a4 h5 40.
Rb5 Kg6 41. a5 Ra7 42. b3 Kf7 43. h4 Ra6 44. g3 Kg6 45. Rb6 Rxa5 46. Rxe4 Kf5
47. Rf4+ Ke5 48. Rb5 Ra1+ 49. Rf1 Rxf1+ 50. Kxf1 Ne4 51. Kg2 Kd4 52. Kf3 g5 53.
hxg5 Nxg5+ 54. Kg2 Ne4 55. Kh3 Kc3 56. Kh4 Kd4 57. b4 cxb4 58. Rxb4 Kc5 59. Ra4
Nf6 60. Ra6 Ne4 61. Re6 Nd2 62. Kxh5 Nxc4 63. g4 Kd5 64. Re1 1-0

[Event "Druzynowe Mistrzostwa Polski - Ekstraliga 2023"]
[Site "Lublin"]
[Date "1899-12-30"]
[Round "8.4"]
[White "Samunenkov, Ihor"]
[Black "Teclaf, Pawel"]
[Result "1/2-1/2"]
[WhiteTitle "IM"]
[BlackTitle "GM"]
[WhiteElo "2517"]
[BlackElo "2586"]

1. d4 Nf6 2. c4 g6 3. Nc3 d5 4. cxd5 Nxd5 5. e4 Nxc3 6. bxc3 Bg7 7. Nf3 c5 8. Bb5+
Nc6 9. O-O cxd4 10. cxd4 O-O 11. Bxc6 bxc6 12. Qc2 Bxd4 13. Nxd4 Qxd4 14. Bb2
Qb4 15. a3 Qa5 16. Bd4 Rd8 17. Bc5 Ba6 18. Rfe1 Rd7 19. Bb4 Qb5 20. Rac1 Rc8 21.
e5 e6 22. Bd6 c5 23. Qd2 Bb7 24. Qg5 c4 25. Qg3 Qb2 26. Rc3 Qd2 1/2-1/2

[Event "Druzynowe Mistrzostwa Polski - Ekstraliga 2023"]
[Site "Lublin"]
[Date "1899-12-30"]
[Round "8.5"]
[White "Heberla, Bartlomiej"]
[Black "Kosakowski, Jakub"]
[Result "1/2-1/2"]
[WhiteTitle "GM"]
[BlackTitle "IM"]
[WhiteElo "2552"]
[BlackElo "2494"]

1. Nf3 d5 2. d4 e6 3. c4 Nf6 4. Nc3 Bb4 5. e3 O-O 6. Bd2 b6 7. cxd5 exd5 8. Bd3
Bb7 9. O-O Bd6 10. Qb1 Re8 11. b4 a6 12. a4 Qe7 13. b5 a5 14. Qb3 Nbd7 15. Bc1
Rac8 16. Ba3 Ne4 17. Nxd5 Qe6 18. Bc4 Bxa3 19. Nf4 Qf5 20. Rxa3 g5 21. Bd5 Bxd5
22. Qxd5 Qxd5 23. Nxd5 c6 24. bxc6 Rxc6 25. Raa1 Kf8 26. Rfc1 Rec8 27. Rxc6 Rxc6
28. Ne1 Nc3 29. Nxc3 Rxc3 30. Kf1 Ke7 31. Ra2 Rb3 32. Nf3 Nf6 33. Nxg5 Nd5 34.
Ne4 Nb4 35. Rd2 f5 36. Ng3 Ke6 37. d5+ Nxd5 38. Nxf5 Rb1+ 39. Ke2 Nc3+ 40. Kd3
Nxa4 41. Nd4+ Kd6 42. Kc2 Rf1 43. Nf5+ Kc6 44. e4 Nc5 45. Nd4+ Kb7 46. f3 Ka6
47. Re2 a4 48. e5 a3 49. Kc3 Rc1+ 50. Kb4 Nd3+ 51. Kxa3 Rc3+ 52. Nb3 Nc5 53. e6
Rxb3+ 54. Ka2 Nxe6 55. Rxe6 Rd3 56. Re2 Kb5 57. Kb2 Kc5 58. Kc2 Ra3 59. Re5+ Kc4
60. Re4+ Kc5 61. Rg4 b5 62. f4 Kd4 63. Rg3 Ra2+ 64. Kb3 Rf2 65. Rg7 h5 66. Rg5
h4 67. h3 Ke4 68. Rxb5 Rxg2 69. f5 Rg3+ 70. Kc4 1/2-1/2

[Event "Druzynowe Mistrzostwa Polski - Ekstraliga 2023"]
[Site "Lublin"]
[Date "1899-12-30"]
[Round "8.6"]
[White "Maltsevskaya, Aleksandra"]
[Black "Kiolbasa, Oliwia"]
[Result "1-0"]
[WhiteTitle "IM"]
[BlackTitle "IM"]
[WhiteElo "2386"]
[BlackElo "2387"]

1. c4 Nf6 2. Nf3 e6 3. d4 d5 4. Nc3 c5 5. cxd5 cxd4 6. Qxd4 exd5 7. e4 dxe4 8.
Qxd8+ Kxd8 9. Ng5 Be6 10. Bb5 Bb4 11. O-O Ke7 12. Ncxe4 Nxe4 13. Nxe4 Rd8 14.
a3 Ba5 15. Nc5 Bb6 16. Nxb7 Rd5 17. Be2 Bc8 18. Nd8 Bxd8 19. Bf3 Be6 20. Re1 Kf6
21. Bxd5 Bxd5 22. Bg5+ Kxg5 23. Rad1 Bc6 24. Rxd8 Nd7 25. Rxa8 Bxa8 26. Rc1 Ne5
27. Rc7 a6 28. Ra7 Bd5 29. Rxa6 Kf5 30. b4 Nd3 31. b5 Ke5 32. a4 h5 33. a5 h4
34. Rb6 h3 35. gxh3 Ne1 36. f3 Nxf3+ 37. Kf2 Kd4 38. a6 Kc5 39. Rb8 Ne5 40. b6
Nd7 41. b7 Kb6 42. Rd8 1-0

[Event "Druzynowe Mistrzostwa Polski - Ekstraliga 2023"]
[Site "Lublin"]
[Date "1899-12-30"]
[Round "8.7"]
[White "Volokitin, Andrei"]
[Black "Bluebaum, Matthias"]
[Result "1/2-1/2"]
[WhiteTitle "GM"]
[BlackTitle "GM"]
[WhiteElo "2659"]
[BlackElo "2670"]

1. e4 e5 2. Nf3 Nf6 3. Nxe5 d6 4. Nf3 Nxe4 5. d4 d5 6. Bd3 Bf5 7. O-O Be7 8. Re1
O-O 9. c4 Nc6 10. cxd5 Qxd5 11. Nc3 Nxc3 12. bxc3 Rae8 13. Bf4 Bxd3 14. Qxd3 Bd6
15. Ng5 f5 16. Bxd6 cxd6 17. a4 h6 18. Nh3 Qf7 19. g3 Ne7 20. Nf4 Nd5 21. Nxd5
Qxd5 22. Qb5 Qxb5 23. axb5 Rxe1+ 24. Rxe1 Rc8 25. Re7 Rxc3 26. Rxb7 Rc4 27. Rxa7
Rxd4 28. Kg2 Rb4 29. Rb7 Rb3 30. Rd7 Rxb5 31. Rxd6 Kf7 32. Kf3 1/2-1/2

[Event "Druzynowe Mistrzostwa Polski - Ekstraliga 2023"]
[Site "Lublin"]
[Date "1899-12-30"]
[Round "8.8"]
[White "Donchenko, Alexander"]
[Black "Lagarde, Maxime"]
[Result "1/2-1/2"]
[WhiteTitle "GM"]
[BlackTitle "GM"]
[WhiteElo "2679"]
[BlackElo "2607"]

1. Nf3 c5 2. c4 Nf6 3. Nc3 d5 4. cxd5 Nxd5 5. d4 Nxc3 6. bxc3 g6 7. e3 Bg7 8. Bb5+
Bd7 9. Be2 Qa5 10. Bd2 O-O 11. O-O Nc6 12. e4 Bg4 13. d5 Ne5 14. c4 Qa6 15. Nxe5
Bxe2 16. Qxe2 Bxe5 17. Bh6 Rfe8 18. Rab1 e6 19. Qc2 exd5 20. cxd5 Qd6 21. g3 b6
22. Be3 Re7 23. Qc4 Rae8 24. f4 Bd4 25. Bxd4 Rxe4 26. Rbd1 cxd4 27. Rxd4 Re2 28.
f5 Qc5 29. fxg6 hxg6 30. Qxc5 bxc5 31. Ra4 1/2-1/2

[Event "Druzynowe Mistrzostwa Polski - Ekstraliga 2023"]
[Site "Lublin"]
[Date "1899-12-30"]
[Round "8.9"]
[White "Zilka, Stepan"]
[Black "Huschenbeth, Niclas"]
[Result "1/2-1/2"]
[WhiteTitle "GM"]
[BlackTitle "GM"]
[WhiteElo "2600"]
[BlackElo "2607"]

1. e4 c5 2. Nf3 d6 3. Bb5+ Nd7 4. c4 Ngf6 5. Nc3 g6 6. O-O Bg7 7. h3 O-O 8. Ba4
Nb6 9. Bb3 e5 10. d3 Nh5 11. Bg5 Qe8 12. Nb5 Qd7 13. a4 a5 14. Re1 h6 15. Be3
Qe7 16. Qd2 Kh7 17. Bd1 f5 18. exf5 gxf5 19. Nh2 Nf6 20. f4 e4 21. Rc1 Be6 1/2-1/2

[Event "Druzynowe Mistrzostwa Polski - Ekstraliga 2023"]
[Site "Lublin"]
[Date "1899-12-30"]
[Round "8.10"]
[White "Fedorchuk, Sergey A."]
[Black "Moranda, Wojciech"]
[Result "0-1"]
[WhiteTitle "GM"]
[BlackTitle "GM"]
[WhiteElo "2578"]
[BlackElo "2561"]

1. e4 c5 2. Nf3 e6 3. d4 cxd4 4. Nxd4 a6 5. a3 Nf6 6. Nc3 d6 7. Be3 Be7 8. Qf3
Nbd7 9. Be2 Qc7 10. Qg3 O-O 11. h4 Kh8 12. h5 Nb6 13. h6 g6 14. f3 e5 15. Qf2
exd4 16. Bxd4 Bd8 17. O-O-O Kg8 18. g4 Be6 19. g5 Nfd7 20. f4 Rc8 21. Kb1 f6 22.
gxf6 Bxf6 23. f5 Bf7 24. fxg6 Bxg6 25. Bg4 Rce8 26. Bxd7 Nxd7 27. Nd5 Qd8 28.
Nxf6+ Nxf6 29. Rdg1 Ng4 30. Qe2 Ne5 31. Rh5 Re6 32. Rf5 Kh8 33. Qg4 Re7 34. Rg5
Qc8 35. Qh4 Re6 36. Bc3 Kg8 37. Qh5 Qe8 38. Rf5 Rff6 39. Qg5 Nf3 40. Qg4 Ne5 41.
Qg3 Qf7 42. Qh3 Kh8 43. Rfg5 Rf3 44. Qg2 Ref6 45. Rc1 Rf1 46. b3 Kg8 47. Qh3 Rxc1+
48. Kxc1 Qe6 49. Qe3 Kf7 50. Kb2 Rf3 51. Qb6 Qe7 52. Rg2 Ke8 53. Rd2 Nc6 54. Rg2
Rf4 55. Qg1 Bxe4 56. Rg8+ Rf8 57. Rg7 Rf7 58. Rg8+ Kd7 59. Qb6 Ke6 60. Qg1 Bf5
61. Qe3+ Ne5 62. Bxe5 dxe5 63. Qc3 Qc7 64. Qd2 Qd6 65. Qg2 Qd4+ 66. Ka2 Qe4 0-1

[Event "Druzynowe Mistrzostwa Polski - Ekstraliga 2023"]
[Site "Lublin"]
[Date "1899-12-30"]
[Round "8.11"]
[White "Plat, Vojtech"]
[Black "Jakubowski, Krzysztof"]
[Result "1-0"]
[WhiteTitle "GM"]
[BlackTitle "GM"]
[WhiteElo "2476"]
[BlackElo "2469"]

1. e4 c6 2. Nf3 d5 3. d3 dxe4 4. dxe4 Qxd1+ 5. Kxd1 Nf6 6. Nbd2 g6 7. Ne5 Nbd7
8. Nd3 Ng4 9. Nc4 Bg7 10. Bf4 f5 11. exf5 gxf5 12. Be2 Nb6 13. Nxb6 axb6 14. h3
Nf6 15. Bf3 Be6 16. Re1 Bd5 17. Bxd5 Nxd5 18. Be5 Rg8 19. c4 Nf6 20. Kc2 Ne4 21.
Bxg7 Rxg7 22. g4 Nd6 23. gxf5 Rf7 24. Re6 Nxf5 25. Kc3 Rf6 26. Rxf6 exf6 27. a4
O-O-O 28. Re1 Nd6 29. Re7 Re8 30. Rxe8+ Nxe8 31. Kd4 Ng7 32. Ke4 Kd7 33. c5 b5
34. axb5 cxb5 35. b4 Ne8 36. Nf4 Ke7 37. f3 Kd7 38. h4 Ke7 39. h5 Ng7 40. h6 Ne8
41. Nd5+ Ke6 42. f4 f5+ 43. Kd4 Kf7 44. Ke5 Kg6 45. Ke6 Kxh6 46. Kf7 Kh5 47. Kxe8
Kg4 48. Kd7 Kf3 49. Nf6 1-0

[Event "Druzynowe Mistrzostwa Polski - Ekstraliga 2023"]
[Site "Lublin"]
[Date "1899-12-30"]
[Round "8.12"]
[White "Wagner, Dinara"]
[Black "Javakhishvili, Lela"]
[Result "1/2-1/2"]
[WhiteTitle "WGM"]
[BlackTitle "IM"]
[WhiteElo "2468"]
[BlackElo "2446"]

1. d4 Nf6 2. c4 e6 3. Nc3 Bb4 4. e3 O-O 5. Bd3 Re8 6. Nge2 d5 7. cxd5 exd5 8. O-O
Nbd7 9. Qc2 c6 10. f3 c5 11. a3 cxd4 12. exd4 Ba5 13. Bg5 h6 14. Bh4 Nf8 15. Bxf6
Qxf6 16. b4 Bb6 17. Nxd5 Bxd4+ 18. Kh1 Qe5 19. Nxd4 Qxd5 20. Nb5 Bf5 21. Bxf5
Qxb5 22. Be4 1/2-1/2

[Event "Druzynowe Mistrzostwa Polski - Ekstraliga 2023"]
[Site "Lublin"]
[Date "1899-12-30"]
[Round "8.13"]
[White "Bjerre, Jonas Buhl"]
[Black "Van Foreest, Jorden"]
[Result "1/2-1/2"]
[WhiteTitle "GM"]
[BlackTitle "GM"]
[WhiteElo "2627"]
[BlackElo "2699"]

1. e4 e5 2. Nf3 Nc6 3. Nc3 Nf6 4. d4 exd4 5. Nxd4 Bb4 6. Nxc6 bxc6 7. Bd3 d5 8.
Bd2 O-O 9. O-O Bxc3 10. Bxc3 dxe4 11. Bxf6 Qxf6 12. Bxe4 Qxb2 13. Bxc6 Rb8 14.
Rb1 Qxb1 15. Qxb1 Rxb1 16. Rxb1 Rd8 17. Bf3 Kf8 18. Rb8 Re8 19. h4 Ba6 20. Rb3
Be2 21. Bxe2 1/2-1/2

[Event "Druzynowe Mistrzostwa Polski - Ekstraliga 2023"]
[Site "Lublin"]
[Date "1899-12-30"]
[Round "8.14"]
[White "Sargissian, Gabriel"]
[Black "Andersen, Mads"]
[Result "1-0"]
[WhiteTitle "GM"]
[BlackTitle "GM"]
[WhiteElo "2692"]
[BlackElo "2614"]

1. d4 d5 2. c4 dxc4 3. e4 b5 4. a4 c6 5. axb5 cxb5 6. Nc3 a6 7. Nxb5 axb5 8. Rxa8
Bb7 9. Ra1 e6 10. f3 f5 11. exf5 Nc6 12. Ne2 Nge7 13. fxe6 Nf5 14. g3 Bb4+ 15.
Kf2 Ne5 16. Nf4 g5 17. Ra7 Bxf3 18. Be2 Bxe2 19. Qxe2 Qxd4+ 20. Kg2 O-O 21. Rd7
Nxd7 22. Rd1 Qf6 23. Nd5 Qe5 24. Qxe5 Nxe5 25. Nxb4 h6 26. Re1 Nd3 27. Nxd3 cxd3
28. Re5 Nd4 29. e7 Re8 30. Rd5 Nb3 31. Be3 d2 32. Bxd2 Nxd2 33. Rxd2 Rxe7 34.
Kf3 Re5 35. Kg4 Kg7 36. Kh5 g4+ 37. Kxg4 Rc5 38. Rd7+ Kg6 39. Rd6+ Kg7 40. Rd7+
Kg6 41. Rd6+ Kg7 42. h3 Rc4+ 43. Kf5 Rc5+ 44. Ke4 Rc2 45. b3 Rh2 46. h4 Rb2 47.
Rd3 Kg6 48. Kd4 Rf2 49. Kc5 Rf5+ 50. Rd5 Rf3 51. b4 Rxg3 52. Kxb5 h5 53. Kc6 Rg4
54. b5 Rxh4 55. b6 Rf4 56. b7 Rf8 57. Kc7 Rf7+ 58. Kc8 1-0

[Event "Druzynowe Mistrzostwa Polski - Ekstraliga 2023"]
[Site "Lublin"]
[Date "1899-12-30"]
[Round "8.15"]
[White "Nasuta, Grzegorz"]
[Black "Tomczak, Jacek"]
[Result "1-0"]
[WhiteTitle "GM"]
[BlackTitle "GM"]
[WhiteElo "2579"]
[BlackElo "2591"]

1. e4 c5 2. Nf3 e6 3. d4 cxd4 4. Nxd4 Nf6 5. Nc3 Nc6 6. Nxc6 bxc6 7. e5 Nd5 8.
Ne4 Bb7 9. Be2 c5 10. O-O Qc7 11. Nd6+ Bxd6 12. exd6 Qc6 13. f3 Qb6 14. c4 Nb4
15. Be3 a5 16. Qa4 Qxd6 17. Qb5 Qe5 18. Qxc5 Qxb2 19. Rfe1 Bc6 20. Rab1 Qxa2 21.
Qd6 f6 22. Bc5 Kf7 23. Qe7+ Kg8 24. Ra1 Qd2 25. Bf1 Na6 26. Re2 Qf4 27. Rxa5 Qb8
28. Rxe6 Qc8 29. Re1 Nxc5 30. Rxa8 Qxa8 31. Qe8+ Qxe8 32. Rxe8+ Kf7 33. Rxh8 h6
34. Kf2 Ne6 35. Rc8 h5 36. Bd3 Nc5 37. Bf5 Na4 38. Rb8 g6 39. Be4 Bxe4 40. fxe4
Nc5 41. Ke3 h4 42. Rh8 g5 43. Kd4 Ne6+ 44. Kd5 Kg7 45. Rb8 Nf4+ 46. Kd6 Nxg2 47.
Kxd7 g4 48. c5 1-0